000 00435nam a2200157Ia 4500
008 210210b1962 xxu||||| |||| 00| 0 eng d
041 _aeng
082 _a547.3 OPEL
100 _aOPENSHAW (H T)
245 _aLaboratory manual of qualitative organic analysis
260 _aCambridge
_bAt the University Press
_c1962
300 _axii,92
650 _aQualitative Organic Analysis
690 _aOrganic Chemistry
906 _a009349
999 _c150648
_d150648